000 00430nam a22001697a 4500
003 UA-OsUOA
001 6089
007 ta
008 20050721b un ||||| |||| 00| 0 ukr d
100 _aТарасюк
700 _aВ. В.
942 _cBK
040 _aUA-OsUOA
_cUA-OsUOA
_dUA-OsUOA
245 _aЛатенний мотив релігійн. як основа фантаст. в ...
_bBA Paper
955 _a2
650 7 _2UDC
999 _c292251
_d292251